<?xml version="1.0" encoding="UTF-8"?>
<record
    xmlns:xsi="http://www.w3.org/2001/XMLSchema-instance"
    xsi:schemaLocation="http://www.loc.gov/MARC21/slim http://www.loc.gov/standards/marcxml/schema/MARC21slim.xsd"
    xmlns="http://www.loc.gov/MARC21/slim">

  <leader>01591cam a22002655a 4500</leader>
  <controlfield tag="001">17360454</controlfield>
  <controlfield tag="005">20160530114042.0</controlfield>
  <controlfield tag="008">120625t2013    nyua   frb    001 0 eng d</controlfield>
  <datafield tag="020" ind1=" " ind2=" ">
    <subfield code="a">9781461441052</subfield>
  </datafield>
  <datafield tag="040" ind1=" " ind2=" ">
    <subfield code="a">YDXCP</subfield>
    <subfield code="c">YDXCP</subfield>
    <subfield code="d">CDX</subfield>
    <subfield code="d">BWX</subfield>
    <subfield code="d">MUU</subfield>
    <subfield code="d">WEA</subfield>
    <subfield code="d">DLC</subfield>
    <subfield code="d">EG-ScBUE</subfield>
    <subfield code="b">eng</subfield>
  </datafield>
  <datafield tag="082" ind1="0" ind2="4">
    <subfield code="a">621.3822</subfield>
    <subfield code="2">22</subfield>
    <subfield code="b">DIN</subfield>
  </datafield>
  <datafield tag="100" ind1="1" ind2=" ">
    <subfield code="a">Diniz, Paulo Sergio Ramirez,</subfield>
    <subfield code="d">1956-</subfield>
    <subfield code="9">38204</subfield>
  </datafield>
  <datafield tag="245" ind1="1" ind2="0">
    <subfield code="a">Adaptive filtering :</subfield>
    <subfield code="b">algorithms and practical implementation /</subfield>
    <subfield code="c">Paulo S. R. Diniz.</subfield>
  </datafield>
  <datafield tag="250" ind1=" " ind2=" ">
    <subfield code="a">4th ed.</subfield>
  </datafield>
  <datafield tag="260" ind1=" " ind2=" ">
    <subfield code="a">New York :</subfield>
    <subfield code="b">Springer,</subfield>
    <subfield code="c">c.2013.</subfield>
  </datafield>
  <datafield tag="300" ind1=" " ind2=" ">
    <subfield code="a">xxi, 652 p. :</subfield>
    <subfield code="b">ill. ;</subfield>
    <subfield code="c">24 cm.</subfield>
  </datafield>
  <datafield tag="500" ind1=" " ind2=" ">
    <subfield code="a">Index : p. 643-652.</subfield>
  </datafield>
  <datafield tag="504" ind1=" " ind2=" ">
    <subfield code="a">Includes bibliographical references.</subfield>
  </datafield>
  <datafield tag="505" ind1="0" ind2=" ">
    <subfield code="a">1. Introduction to adaptive filtering -- 2. Fundamentals of adaptive filtering -- 3. The least-mean-square (LMS) algorithm -- 4. LMS-based algorithms -- 5. Conventional RLS adaptive filter -- 6. Data-selective adaptive filtering -- 7. Adaptive lattice-based RLS algorithms -- 8. Fast transversal RLS algorithms -- 9. QR-decomposition-based RLS filters  -- 10. Adaptive HR filters -- 11. Nonlinear adaptive filtering -- 12. Subband adaptive filters -- 13. Blind adaptive filters -- 14. Complex differentiation -- 15. Quantization effects in the LMS algorithm -- 16. Quantization effects in the RLS algorithm -- 17. Kalman filters -- 18. Analysis of set-membership affine projection algorithm.</subfield>
  </datafield>
  <datafield tag="650" ind1=" " ind2="7">
    <subfield code="a">Adaptive signal processing.</subfield>
    <subfield code="2">BUEsh</subfield>
    <subfield code="9">28945</subfield>
  </datafield>
  <datafield tag="650" ind1=" " ind2="7">
    <subfield code="a">Adaptive filters.</subfield>
    <subfield code="2">BUEsh</subfield>
    <subfield code="9">12281</subfield>
  </datafield>
  <datafield tag="650" ind1=" " ind2="7">
    <subfield code="a">Signal processing</subfield>
    <subfield code="x">Digital techniques.</subfield>
    <subfield code="2">BUEsh</subfield>
    <subfield code="9">23318</subfield>
  </datafield>
  <datafield tag="653" ind1=" " ind2=" ">
    <subfield code="b">COMSCI</subfield>
    <subfield code="c">May2016</subfield>
  </datafield>
  <datafield tag="942" ind1=" " ind2=" ">
    <subfield code="2">ddc</subfield>
  </datafield>
  <datafield tag="999" ind1=" " ind2=" ">
    <subfield code="c">21823</subfield>
    <subfield code="d">21795</subfield>
  </datafield>
  <datafield tag="952" ind1=" " ind2=" ">
    <subfield code="0">0</subfield>
    <subfield code="1">0</subfield>
    <subfield code="2">ddc</subfield>
    <subfield code="4">0</subfield>
    <subfield code="7">0</subfield>
    <subfield code="8">Alahram</subfield>
    <subfield code="a">MAIN</subfield>
    <subfield code="b">MAIN</subfield>
    <subfield code="c">1ST</subfield>
    <subfield code="d">2016-05-30</subfield>
    <subfield code="e">Purchase</subfield>
    <subfield code="g">777.00</subfield>
    <subfield code="l">0</subfield>
    <subfield code="o">621.3822 DIN</subfield>
    <subfield code="p">000032605</subfield>
    <subfield code="r">2025-07-15 00:00:00</subfield>
    <subfield code="v">971.25</subfield>
    <subfield code="y">BB</subfield>
  </datafield>
</record>
